| 000 | 00589nam a22002537a 4500 | ||
|---|---|---|---|
| 003 | UA-OsUOA | ||
| 001 | 26435 | ||
| 007 | ta | ||
| 008 | 20040601b un ||||| |||| 00| 0 ukr d | ||
| 100 | _aЛамперти Дж. | ||
| 090 |
_a519.21 _bЛ21 |
||
| 942 | _cBK | ||
| 040 |
_aUA-OsUOA _brus _cUA-OsUOA _dUA-OsUOA |
||
| 245 | _aВероятность | ||
| 300 | _a184 с. | ||
| 955 | _a0 | ||
| 041 | _arus | ||
| 080 | _a519.21 | ||
| 260 |
_aМосква _bНаука _c1973 |
||
| 044 | _aRU | ||
| 250 | _nПервод с английского | ||
| 650 | 7 | _2UDC | |
| 999 |
_c312758 _d312758 |
||